[Event "Werther Schloss op-B 11th"]
[Site "Werther"]
[Date "2005.03.20"]
[Round "5"]
[White "Vollmer, Andreas"]
[Black "Hackenholt, Arndt"]
[Result "1/2-1/2"]
[WhiteElo "1617"]
[BlackElo "1698"]
[PlyCount "78"]
[EventDate "2005.03.18"]
[EventType "swiss"]
[EventRounds "5"]
[EventCountry "GER"]
[SourceTitle "EXT 2006"]
[Source "ChessBase"]
[SourceDate "2005.11.24"]
[SourceVersion "1"]
[SourceVersionDate "2005.11.24"]
[SourceQuality "1"]

1. e4 Nf6 2. Nc3 d5 3. exd5 Nxd5 4. Bc4 e6 5. Qf3 c6 6. Nge2 b5 7. Bxd5 exd5 8. 0-0 Bd6 9. Ng3 Be6 10. d3 Nd7 11. Nf5 Bxf5 12. Qxf5 0-0 13. Bg5 Qc7 14. h3 Rfe8 15. Rae1 Be5 16. Nd1 a5 17. c3 g6 18. Qg4 Bf6 19. d4 Bxg5 20. Qxg5 Qd8 21. Rxe8+ Qxe8 22. Qd2 Nf6 23. f3 Qd7 24. Re1 Re8 25. Kf2 Qf5 26. Rxe8+ Nxe8 27. Ne3 Qe6 28. Ng4 h5 29. Ne5 f6 30. Nxg6 Kg7 31. Nf4 Qf5 32. Ne2 Nd6 33. Qf4 Qe6 34. Qg3+ Kf7 35. Nf4 Qf5 36. Qh4 Qc2+ 37. Kg1 Nc4 38. Qe1 Qf5 39. Qc1 Nxb2 1/2-1/2